|
|
|
|
| LEADER |
00000nam a22000007a 4500 |
| 001 |
20150707075727.0 |
| 003 |
AR-RoUNA |
| 005 |
20190731123822.0 |
| 008 |
131121s2014 ag ||||| |||| 00| 0 spa d |
| 020 |
|
|
|a 9789871915835
|
| 040 |
|
|
|a AR-RoUNA
|b spa
|
| 041 |
|
|
|a spa
|
| 044 |
|
|
|a ag
|
| 080 |
|
|
|a 330.322
|
| 100 |
1 |
0 |
|9 5473
|a Coremberg, Ariel
|
| 245 |
1 |
0 |
|a Inversión necesaria y su impacto en la economía Argentina :
|c Ariel Coremberg
|b ¿cuánto necesitamos para crecer? /
|
| 250 |
|
|
|a 1a. ed.
|
| 260 |
|
|
|a Ciudad Autónoma de Buenos Aires :
|b FODECO,
|c 2016
|
| 300 |
|
|
|a 33 p. :
|c 29X21cm
|b il. col.
|b Diagrs.
|b Cuadros estadísticos
|
| 490 |
0 |
|
|a Área de pensamiento estratégico
|
| 650 |
|
4 |
|9 16047
|a Construcción
|
| 650 |
|
4 |
|9 12926
|a Economía
|
| 650 |
|
4 |
|9 16151
|a Inversiones
|
| 650 |
|
4 |
|9 13062
|a Estratégias
|
| 651 |
|
|
|a Argentina
|9 58
|
| 653 |
|
|
|a Impacto económico
|
| 710 |
2 |
|
|9 39302
|a Cámara Argentina de la Construcción
|
| 908 |
|
|
|a Imp
|
| 930 |
|
|
|e 11056
|
| 942 |
|
|
|2 udc
|
| 945 |
|
|
|a MEM
|d 2016-05-10
|
| 999 |
|
|
|c 6692
|d 6692
|